[Event "Asia-ch Amateur (Women)"]
[Site "Muscat"]
[Date "2022.10.05"]
[Round "9"]
[White "Al Khulaifi, Ghada"]
[Black "Al Shamsi, Ousha"]
[Result "1-0"]
[WhiteElo "1620"]
[BlackElo "1482"]
[PlyCount "72"]
[EventDate "2022.09.29"]
[EventType "swiss"]
[EventRounds "9"]
[EventCountry "OMN"]
[SourceTitle "CBM 210 Extra"]
[Source "ChessBase"]
[SourceDate "2022.11.30"]
[SourceVersion "1"]
[SourceVersionDate "2022.11.30"]
[SourceQuality "1"]

1. e4 e5 2. Nf3 Nc6 3. Bc4 Bc5 4. c3 Nf6 5. d3 d6 6. 0-0 a6 7. Bb3 Ba7 8. h3 h6 9. Nbd2 0-0 10. Re1 Re8 11. Nf1 Ne7 12. N3h2 Ng6 13. Qf3 Be6 14. Ng3 Qd7 15. Nh5 Nxh5 16. Qxh5 Qd8 17. g3 Qf6 18. Rf1 Nf8 19. Kh1 Nh7 20. f4 Rad8 21. Bxe6 Rxe6 22. f5 Ree8 23. Ng4 Qe7 24. f6 Qe6 25. Nxh6+ gxh6 26. Qxh6 Nxf6 27. Rf5 Nh7 28. Qh4 d5 29. Bh6 Rd6 30. Bg5 dxe4 31. Raf1 Nxg5 32. Rxg5+ Kf8 33. Rh5 f6 34. Rh7 f5 35. Qg5 Qg8 36. Qh4 Qe6 1-0

[Event "Asian University (Women)"]
[Site "Tornelo INT"]
[Date "2021.09.04"]
[Round "5"]
[White "Al Shamsi, Ousha"]
[Black "Wijayanti, Retno"]
[Result "0-1"]
[WhiteElo "1452"]
[BlackElo "2071"]
[PlyCount "54"]
[EventDate "2021.09.03"]
[EventType "swiss (rapid)"]
[EventRounds "9"]
[EventCountry "NET"]
[SourceTitle "CBM 204 Extra"]
[Source "ChessBase"]
[SourceDate "2021.11.30"]
[SourceVersion "1"]
[SourceVersionDate "2021.11.30"]
[SourceQuality "1"]

1. e4 c5 2. Nf3 e6 3. c3 d5 4. exd5 exd5 5. d4 cxd4 6. cxd4 Nf6 7. Nc3 a6 8. Bg5 Be6 9. Bd3 Nbd7 10. 0-0 h6 11. Bh4 Be7 12. Ne5 0-0 13. Bc2 Ne4 14. Bxe7 Qxe7 15. Nxe4 dxe4 16. Bxe4 Nf6 17. Bc2 Rfd8 18. Qd3 Qb4 19. Nf3 Bc4 20. Qf5 Bxf1 21. Rxf1 Rd5 22. Qd3 Qb5 23. Qc3 Rad8 24. Bb3 R5d6 25. Ne5 Nd5 26. Qf3 Rf6 27. Qe4 Nf4 0-1

[Event "Sharjah Cup (Women) 10th"]
[Site "Sharjah"]
[Date "2020.01.07"]
[Round "4"]
[White "Al Shamsi, Ousha"]
[Black "Smirnova, Ekaterina"]
[Result "0-1"]
[WhiteElo "1484"]
[BlackElo "2249"]
[PlyCount "58"]
[EventDate "2020.01.04"]
[EventType "swiss"]
[EventRounds "9"]
[EventCountry "UAE"]
[SourceTitle "CBM 194 Extra"]
[Source "ChessBase"]
[SourceDate "2020.03.31"]
[SourceVersion "1"]
[SourceVersionDate "2020.03.31"]
[SourceQuality "1"]

1. e4 e6 2. d4 d5 3. Nd2 c5 4. exd5 Qxd5 5. Ngf3 cxd4 6. Bc4 Qd6 7. 0-0 Nf6 8. Nb3 Nc6 9. Nbxd4 Nxd4 10. Nxd4 a6 11. c3 Qc7 12. Qe2 Bd7 13. a4 Bd6 14. h3 0-0 15. Bd3 Bh2+ 16. Kh1 Bf4 17. Bxf4 Qxf4 18. Rfe1 Rfd8 19. Bc2 e5 20. Nf3 e4 21. Bxe4 Re8 22. Nd2 Nxe4 23. Nxe4 Bc6 24. f3 f5 25. Qd2 Rxe4 26. Qc2 Rxe1+ 27. Rxe1 Rd8 28. Qb3+ Kh8 29. Qf7 h6 0-1

[Event "UAE President Cup (Women)"]
[Site "Ajman"]
[Date "2019.01.05"]
[Round "5"]
[White "Al Shamsi, Ousha"]
[Black "Al Moaamari, Mozah"]
[Result "1/2-1/2"]
[WhiteElo "1469"]
[BlackElo "1370"]
[PlyCount "111"]
[EventDate "2019.01.02"]
[EventType "swiss"]
[EventRounds "9"]
[EventCountry "UAE"]
[SourceTitle "CBM 188 Extra"]
[Source "ChessBase"]
[SourceDate "2019.02.26"]
[SourceVersion "1"]
[SourceVersionDate "2019.02.26"]
[SourceQuality "1"]

1. e4 g6 2. Nf3 Bg7 3. d4 d6 4. c3 Nf6 5. Bd3 0-0 6. 0-0 c5 7. h3 d5 8. exd5 cxd4 9. Nxd4 a6 10. Nd2 Qxd5 11. Qf3 Rd8 12. Bc4 Qxf3 13. N2xf3 b5 14. Bb3 Bb7 15. Re1 e6 16. a4 bxa4 17. Bxa4 Nbd7 18. Nc6 Rf8 19. Be3 Nd5 20. Na5 Bc8 21. Bd4 Rb8 22. Nc4 N7b6 23. Nxb6 Nxb6 24. Bc5 Rd8 25. Be7 Rd5 26. Bc6 Rd3 27. Rad1 Rxd1 28. Rxd1 Nd5 29. Bxd5 exd5 30. Rxd5 Bb7 31. Rd8+ Rxd8 32. Bxd8 Kf8 33. Kf1 Ke8 34. Bb6 Kd7 35. Ke2 Kc6 36. Bd4 Bxd4 37. Nxd4+ Kd5 38. Kd3 Ke5 39. g3 Kd5 40. Nf3 h6 41. c4+ Ke6 42. Nd4+ Ke5 43. Nb3 Bg2 44. h4 Bf1+ 45. Kc3 f6 46. Nc5 a5 47. Nb7 Ke4 48. Kd2 Bxc4 49. Nxa5 Bb5 50. Nb3 h5 51. Nc5+ Kf3 52. Ke1 g5 53. hxg5 fxg5 54. Ne6 Kg4 55. Nd4 Ba6 56. Ne2 1/2-1/2

[Event "UAE President Cup (Women)"]
[Site "Ajman"]
[Date "2019.01.05"]
[Round "4"]
[White "Noman, Shaima"]
[Black "Al Shamsi, Ousha"]
[Result "1-0"]
[WhiteElo "1492"]
[BlackElo "1469"]
[PlyCount "87"]
[EventDate "2019.01.02"]
[EventType "swiss"]
[EventRounds "9"]
[EventCountry "UAE"]
[SourceTitle "CBM 188 Extra"]
[Source "ChessBase"]
[SourceDate "2019.02.26"]
[SourceVersion "1"]
[SourceVersionDate "2019.02.26"]
[SourceQuality "1"]

1. e4 e5 2. Nf3 Nc6 3. Bc4 Bc5 4. c3 Nf6 5. d3 d6 6. Bb3 a6 7. a4 0-0 8. 0-0 Ba7 9. Bg5 h6 10. Bh4 Re8 11. Re1 Bg4 12. Nbd2 b5 13. Bd5 Bd7 14. axb5 axb5 15. Qb3 Qe7 16. h3 Bb6 17. Nf1 Na5 18. Qc2 c6 19. Ba2 Be6 20. b4 Nb7 21. Ne3 Bxa2 22. Rxa2 Qe6 23. Rea1 Rxa2 24. Rxa2 Rb8 25. Nf5 Bd8 26. Ra6 d5 27. Nxe5 dxe4 28. dxe4 Rc8 29. Bg3 Nh5 30. Nd4 Qf6 31. Rxc6 Rxc6 32. Nexc6 Nxg3 33. fxg3 Bc7 34. Qf2 Qg5 35. Ne2 Nd6 36. Qa7 Ne8 37. Qf2 Bd6 38. Ncd4 Nf6 39. Qf3 Qg6 40. Nxb5 Nxe4 41. Nxd6 Nxd6 42. Nd4 Qg5 43. Qf4 Qd5 44. Qe3 1-0

[Event "UAE President Cup (Women)"]
[Site "Ajman"]
[Date "2019.01.02"]
[Round "1"]
[White "Al Shamsi, Ousha"]
[Black "Al Kalbani, Wadima"]
[Result "1-0"]
[WhiteElo "1469"]
[BlackElo "1624"]
[PlyCount "93"]
[EventDate "2019.01.02"]
[EventType "swiss"]
[EventRounds "9"]
[EventCountry "UAE"]
[SourceTitle "CBM 188 Extra"]
[Source "ChessBase"]
[SourceDate "2019.02.26"]
[SourceVersion "1"]
[SourceVersionDate "2019.02.26"]
[SourceQuality "1"]

1. e4 e5 2. Nf3 Nc6 3. Bb5 a6 4. Ba4 Nf6 5. 0-0 Be7 6. Re1 b5 7. Bb3 d6 8. c3 0-0 9. h3 a5 10. d4 Ba6 11. a4 b4 12. Nbd2 exd4 13. cxd4 Bb7 14. e5 dxe5 15. dxe5 Nd5 16. Ne4 Nb6 17. Qc2 Qc8 18. Neg5 Bxg5 19. Nxg5 g6 20. e6 Nd4 21. exf7+ Kh8 22. Bf4 Nd7 23. Qd3 c5 24. Bd6 Qc6 25. Qg3 Nf5 26. Be5+ Nxe5 27. Qxe5+ Ng7 28. Qg3 c4 29. Bc2 Qf6 30. Qe5 Qxe5 31. Rxe5 h6 32. Re7 Rab8 33. Nf3 Bxf3 34. gxf3 Nf5 35. Bxf5 gxf5 36. Rae1 Kg7 37. R1e5 Kf6 38. R7e6+ Kxf7 39. Rxh6 Rg8+ 40. Kf1 Kg7 41. Rc6 Rbc8 42. Re7+ Kf8 43. Rxc8+ Kxe7 44. Rxg8 Kd7 45. Rg6 c3 46. bxc3 bxc3 47. Ke2 1-0

[Event "Arab-ch (Women)"]
[Site "Dubai"]
[Date "2018.11.29"]
[Round "3"]
[White "Mezioud, Amina"]
[Black "Al Shamsi, Ousha"]
[Result "1-0"]
[WhiteElo "2065"]
[BlackElo "1429"]
[PlyCount "43"]
[EventDate "2018.11.28"]
[EventType "swiss"]
[EventRounds "9"]
[EventCountry "UAE"]
[SourceTitle "CBM 187 Extra"]
[Source "ChessBase"]
[SourceDate "2018.11.04"]
[SourceVersion "1"]
[SourceVersionDate "2018.11.04"]
[SourceQuality "1"]

1. e4 e5 2. Nf3 Nc6 3. Bb5 a6 4. Ba4 Nf6 5. 0-0 b5 6. Bb3 Be7 7. Qe2 0-0 8. c3 d6 9. Rd1 Bg4 10. d4 Re8 11. h3 Bh5 12. g4 Bg6 13. dxe5 Nxe4 14. Bd5 Qd7 15. Bxe4 Bxe4 16. Qxe4 Rad8 17. Bf4 d5 18. Qf5 Qxf5 19. gxf5 Bc5 20. Nbd2 d4 21. Nb3 Bb6 22. cxd4 1-0

[Event "Sharjah Cup (Women) 8th"]
[Site "Sharjah"]
[Date "2017.12.21"]
[Round "9"]
[White "Al Shamsi, Ousha"]
[Black "Mamedjarova, Turkan"]
[Result "0-1"]
[WhiteElo "1513"]
[BlackElo "2260"]
[PlyCount "74"]
[EventDate "2017.12.15"]
[EventType "swiss"]
[EventRounds "9"]
[EventCountry "UAE"]
[SourceTitle "CBM 182 Extra"]
[Source "ChessBase"]
[SourceDate "2018.02.23"]
[SourceVersion "1"]
[SourceVersionDate "2018.02.23"]
[SourceQuality "1"]

1. e4 e5 2. Nf3 Nf6 3. Nxe5 d6 4. Nf3 Nxe4 5. Nc3 Nxc3 6. dxc3 Be7 7. Be3 Nc6 8. Qd2 Bf5 9. 0-0-0 0-0 10. Nd4 Nxd4 11. Bxd4 c5 12. Be3 Qa5 13. Kb1 Be6 14. c4 Qa4 15. Qc3 a6 16. Qb3 Qa5 17. Be2 b5 18. h3 bxc4 19. Bxc4 Rab8 20. Bd2 Qc7 21. Qd3 d5 22. Bxa6 c4 23. Qg3 Bd6 24. Qf3 Qb6 25. Bc3 Qxa6 26. Qe3 Rfe8 27. Qd4 f6 28. Rhe1 Bf7 29. g4 Be5 30. Qd2 d4 31. Bxd4 c3 32. Qxc3 Qxa2+ 33. Kc1 Qa1+ 34. Kd2 Bf4+ 35. Be3 Qa6 36. b3 Be5 37. Qc5 Red8+ 0-1

[Event "Sharjah Cup (Women) 8th"]
[Site "Sharjah"]
[Date "2017.12.16"]
[Round "2"]
[White "Mamedjarova, Zeinab"]
[Black "Al Shamsi, Ousha"]
[Result "1-0"]
[WhiteElo "2363"]
[BlackElo "1513"]
[PlyCount "63"]
[EventDate "2017.12.15"]
[EventType "swiss"]
[EventRounds "9"]
[EventCountry "UAE"]
[SourceTitle "CBM 182 Extra"]
[Source "ChessBase"]
[SourceDate "2018.02.23"]
[SourceVersion "1"]
[SourceVersionDate "2018.02.23"]
[SourceQuality "1"]

1. d4 Nf6 2. Nf3 c5 3. e3 g6 4. Bc4 Bg7 5. 0-0 cxd4 6. exd4 0-0 7. Re1 d5 8. Bd3 Nc6 9. c3 a6 10. Bf4 b5 11. Nbd2 b4 12. Rc1 bxc3 13. Rxc3 Nh5 14. Be3 Qb6 15. Nb3 Na5 16. Ne5 Nxb3 17. Rxb3 Qf6 18. Qd2 Bf5 19. Bg5 Qd6 20. Bxf5 gxf5 21. Rh3 f6 22. Rxh5 fxe5 23. dxe5 Bxe5 24. Bxe7 Qxe7 25. Qxd5+ Qf7 26. Rg5+ Kh8 27. Qxe5+ Qf6 28. Rxf5 Qxe5 29. Rxf8+ Rxf8 30. Rxe5 Rc8 31. g4 Rc2 32. Re6 1-0